000 00570nam a22001817a 4500
999 _c185815
_d185815
005 20220210113901.0
010 _aENG-131494
020 _a9789385409063
_c250.00
035 _aEN-115026
037 _bDBAD
082 _a658.85
100 _aDesai, Manuj
245 _aClinch the Deal:
_bNegotiation Strategies to Get What You Want/
_cManuj Desai
260 _aMumbai
_bIndus Source Books
_c2017
270 _aP O Box No. 6194, Malabar Hill PO
_bMumbai
_e400006
_minfo@indussource.com
300 _a135p.
_c22cm(pbk)
942 _2ddc
_cEN
_h658.85
_mDES